Statistics for 《三国志》中列传人物

Click here to take the quiz!

General Stats

  • This quiz has been taken 99 times
  • The average score is 113 of 321

Answer Stats

篇目人物% Correct
《魏书·武帝纪》曹操
100%
《魏书·文帝纪》曹丕
98%
《魏书·吕布张邈臧洪传》吕布
93%
袁绍
93%
袁术
92%
《魏书·董二袁刘传》董卓
92%
《魏书·荀彧攸贾诩传》荀彧
91%
《魏书·诸夏侯曹传》夏侯惇
89%
张飞
89%
夏侯渊
89%
赵云
89%
《蜀书·诸葛亮传》诸葛亮
89%
《蜀书·关张马黄赵传》关羽
88%
《蜀书·先主传》刘备
88%
马超
88%
贾诩
88%
黄忠
88%
《蜀书·庞统法正传》庞统
88%
《蜀书·后主传》刘禅
87%
刘表
85%
《吴书·吴主传》孙权
84%
《魏书·明帝纪》曹叡
84%
法正
83%
张邈
83%
《魏书·张乐于张徐传》张辽
82%
荀攸
82%
《吴书·周瑜鲁肃吕蒙传》周瑜
82%
陶谦
82%
《吴书·陆逊传》陆逊
81%
邓艾
81%
鲁肃
81%
《魏书·二公孙陶四张传》公孙瓒
81%
孙策
81%
费祎
81%
《蜀书·蒋琬费祎姜维传》蒋琬
81%
臧洪
81%
《吴书·孙破虏讨逆传》孙坚
80%
于禁
80%
《魏书·钟繇华歆王朗传》钟繇
80%
王朗
80%
华歆
80%
姜维
79%
典韦
79%
黄盖
79%
太史慈
78%
钟会
78%
甘宁
78%
曹植
76%
吕蒙
76%
乐进
75%
《吴书·刘繇太史慈士燮传》刘繇
74%
张郃
74%
文昭甄皇后
74%
徐晃
73%
曹仁
73%
朱然
73%
糜竺
73%
《吴书·程黄韩蒋周陈董甘凌徐潘丁传》程普
73%
曹髦
72%
许褚
72%
刘璋
72%
士燮
72%
凌统
72%
《魏书·少帝纪》曹芳
72%
吕范
71%
《吴书·朱治朱然吕范朱桓传》朱治
71%
郭嘉
71%
朱桓
71%
诸葛瑾
70%
《吴书·张顾诸葛步传》张昭
70%
丁奉
67%
周泰
66%
《魏书·程郭董刘蒋刘传》程昱
66%
《魏书·二李臧文吕许典二庞阎传》李典
66%
孙皓
65%
简雍
65%
曹真
64%
徐盛
64%
庞德
64%
陆凯
63%
曹洪
63%
孙休
62%
魏延
62%
《吴书·潘濬陆凯传》潘濬
61%
潘璋
61%
臧霸
61%
韩当
61%
《蜀书·二主妃子传》甘皇后
57%
曹奂
57%
《魏书·任城陈萧王传》曹彰
57%
《吴书·三嗣主传》孙亮
57%
董允
56%
《蜀书·刘二牧传》刘焉
56%
《魏书·满田牵郭传》满宠
54%
《吴书·诸葛滕二孙濮阳传》诸葛恪
54%
蒋钦
54%
诸葛诞
54%
《魏书·辛毗杨阜高堂隆传》辛毗
54%
毌丘俭
54%
胡综
54%
《吴书·是仪胡综传》是仪
54%
孙乾
53%
曹休
53%
杨阜
52%
曹冲
52%
阚泽
49%
高堂隆
49%
张鲁
49%
《吴书·虞陆张骆陆吾朱传》虞翻
49%
刘惇
48%
敬哀皇后
48%
《吴书·嫔妃传》吴夫人
48%
《吴书·吴范刘惇赵达传》吴范
47%
赵达
47%
董袭
47%
张皇后
46%
伊籍
46%
《魏书·后妃传》武宣卞皇后
45%
文德郭皇后
45%
毛玠
44%
陈武
44%
张绣
44%
《魏书·方技传》华佗
44%
顾雍
44%
杨仪
43%
谯周
43%
《魏书·崔毛徐何邢鲍司马传》崔琰
43%
公孙度
43%
步骘
42%
文聘
40%
步夫人
40%
《魏书·武文世王公传》曹昂
40%
刘晔
40%
秦宓
38%
明元郭皇后
38%
曹熊
38%
骆统
37%
李严
37%
司马朗
35%
郭淮
35%
陆绩
35%
王平
35%
郤正
35%
《蜀书·刘彭廖李刘魏杨传》刘封
34%
《蜀书·许糜孙简伊秦传》许靖
34%
牵招
34%
夏侯尚
33%
吴皇后
33%
马良
33%
《蜀书·邓张宗杨传》邓芝
33%
《魏书·王毌丘诸葛邓钟传》王凌
31%
全琮
31%
《吴书·张严程阚薛传》张纮
31%
濮阳兴
31%
《蜀书·霍王向张杨费传》霍峻
31%
张温
31%
管宁
30%
孙和
29%
《吴书·贺全吕周钟离传》贺齐
29%
董昭
28%
马忠
28%
陈群
28%
《吴书·吴主五子传》孙登
27%
孙綝
27%
《蜀书·黄李吕马王张传》黄权
27%
李通
26%
贾逵
25%
田豫
22%
薛综
22%
宗预
22%
张翼
22%
吕虔
22%
张杨
22%
彭羕
21%
孙峻
21%
刘放
21%
向朗
20%
刘巴
20%
张嶷
20%
邴原
20%
《魏书·桓二陈徐卫卢传》桓阶
20%
陈震
19%
蒋济
19%
张燕
18%
孙霸
18%
《魏书·袁张凉国田王邴管传》袁涣
17%
曹宇
17%
王基
17%
管辂
17%
国渊
17%
田畴
16%
《蜀书·董刘马陈董吕传》董和
16%
《魏书·乌丸鲜卑东夷传》蹋顿
15%
吕岱
15%
滕胤
15%
严畯
15%
杜畿
15%
费诗
15%
杜袭
13%
李恢
13%
程秉
13%
明悼毛皇后
13%
轲比能
13%
周鲂
13%
廖立
13%
《吴书·宗室传》孙静
12%
《魏书·任苏杜郑仓传》任峻
12%
孙翊
12%
凉茂
12%
刘理
11%
刘永
11%
仓慈
10%
周群
10%
吕凯
10%
来敏
10%
《魏书·王卫二刘傅传》王粲
10%
吾粲
9%
孙桓
9%
朱建平
9%
刘琰
9%
钟离牧
9%
梁习
9%
王夫人
8%
孙韶
8%
高柔
8%
孙礼
8%
张既
8%
温恢
8%
阎温
7%
曹彪
7%
潘夫人
7%
赵俨
7%
全夫人
7%
苏则
7%
郑浑
7%
朱据
7%
何夔
7%
《魏书·刘司马梁张温贾传》刘馥
7%
司马芝
7%
曹霖
7%
徐夫人
7%
曹茂
6%
尹默
6%
曹林
6%
楼玄
6%
孙皎
6%
鲍勋
6%
孙贲
6%
傅嘏
6%
滕夫人
6%
陈矫
6%
卢毓
6%
张范
6%
孟光
4%
王昶
4%
张裔
4%
吕乂
4%
杨戏
4%
步度根
4%
杜夔
4%
庞淯
4%
王脩
4%
卫觊
4%
裴潜
4%
常林
4%
曹据
4%
《魏书·和常杨杜赵裴传》和洽
4%
徐宣
4%
周宣
4%
孙虑
3%
韦曜
3%
丘力居
3%
孙匡
3%
王连
3%
曹鉴
3%
杨俊
3%
崔林
3%
《魏书·徐胡二王传》徐邈
3%
孙辅
3%
刘璿
3%
胡质
3%
杨洪
3%
曹整
3%
许慈
3%
曹上
3%
孙奂
3%
曹京
2%
曹乘
2%
曹均
2%
曹勤
2%
曹棘
2%
曹徽
2%
曹协
2%
曹蕤
2%
曹礼
2%
孙奋
2%
卫臻
2%
曹贡
2%
曹俨
2%
曹衮
2%
刘劭
2%
曹峻
2%
陆瑁
2%
《魏书·韩崔高孙王传》韩暨
2%
王观
2%
《蜀书·杜周杜许孟来尹李谯郤传》杜微
2%
曹铄
2%
邢颙
2%
曹玹
2%
《吴书·王楼贺韦华传》王蕃
1%
贺邵
1%
曹邕
1%
刘廙
1%
杜琼
1%
李譔
1%
谢夫人
1%
华核
1%
曹钜
0%
曹幹
0%
何姬
0%

Score Distribution

Percentile by Number Answered

Percent of People with Each Score

Your Score History

You have not taken this quiz